000 00886nam0a22002651 4500
001 rc\3172860
005 20250530090513.0
021 _aRU
_b[76-72118]
035 _a(NLR Aleph) 007329482
090 _a5994303
_c5994303
100 _a20120615d1976 |||y0rusy50 ca
101 0 _arus
102 _aRU
105 _aa z |||||
200 1 _aОсушение земель Дальнего Востока
_fА.Н. Степанов
210 _aМосква
_cКолос
_d1976
215 _a239 с.
_cил.
_d20
320 _aСписок лит.: с. 232-238
606 _aОсушение сельскохозяйственных земель
_yДальний Восток СССР
_2psbo
700 1 _aСтепанов
_bА.Н.
_gАнатолий Николаевич
801 0 _aRU
_bNLR
_gpsbo
801 1 _aRU
_bELAR
_2rusmarc
852 _aNLR
_j77-3/1639
942 _cBOOK
980 _aNB